000 00706nam a2200241 i 4500
001 68338
003 ES-MaACL
005 20250727023009.0
007 t|
008 040621s1999 mx a |||| | spa d
020 _a968-401-380-9
080 _a321.11
080 _a930.85(=82:72)
100 1 _aArnaiz Amigo, Aurora.
_923022
245 1 3 _aEl alma política primitiva /
_cAurora Arnaiz Amigo.
250 _a1ª ed.
260 _aMéxico, :
_bCárdenas,
_c1999.
300 _a401 p. :
_bil. ;
_c29 cm.
650 1 7 _aAntropología política
_2embne
_99897
650 1 4 _aIndios de México.
_9157375
852 _aES-MaACL
_jL-28029
_z. - Dedicatoria autógrafa de la autora
999 _c68338
_d68338